[Event "Wch U18"]
[Site "Duisburg"]
[Date "1992.??.??"]
[Round "9"]
[White "Egger, Jorge"]
[Black "Hoehn, Jan"]
[Result "0-1"]
[WhiteElo "2355"]
[BlackElo "2245"]

1.d4 Nf6 2.Nf3 g6 3.c4 Bg7 4.g3 O-O 5.Bg2 d6 6.O-O Nc6 7.d5 Na5 8.Nfd2 Nd7
9.Qc2 c6 10.Nc3 Ne5 11.b3 cxd5 12.Bxd5 Be6 13.Bg2 Rc8 14.Bb2 a6 15.Rac1 b5
16.cxb5 axb5 17.Qb1 Bf5 18.e4 Bd7 19.h3 e6 20.Ne2 Qb6 21.Bd4 Qa6 22.Qa1 b4
23.Nf4 Bb5 24.Rfd1 Rxc1 25.Rxc1 Nac6 26.Bb2 Ra8 27.Bf1 Bxf1 28.Nxf1 Nd4 29.Kg2 Ne2
30.Rd1 Qc6 31.Nd2 Nc3 32.Rc1 Nd7 33.Nd3 Qb7 34.Nxb4 Nxe4 35.Nc6 Bxb2 36.Qxb2 Nxd2
37.Qxd2 Rc8 38.Qxd6 Nb8 39.Qe7 Qa8  0-1

[Event "Wch U18"]
[Site "Duisburg"]
[Date "1992.??.??"]
[Round "11"]
[White "Fancsy, Imre"]
[Black "Jonker, Marc"]
[Result "1-0"]
[WhiteElo "2335"]
[BlackElo "2360"]

1.Nf3 d6 2.d4 Nf6 3.g3 g6 4.Bg2 Bg7 5.c4 O-O 6.Nc3 Nbd7 7.O-O e5 8.e4 c6
9.h3 Re8 10.Be3 exd4 11.Nxd4 Nc5 12.Qc2 a5 13.Rad1 Qc7 14.Rd2 Bd7 15.Rfd1 Rad8
16.Nb3 Be6 17.e5 Bf5 18.exd6 Rxd6 19.Bxc5 Bxc2 20.Bxd6 Qc8 21.Rxc2 h5 22.Rcd2 Nd7
23.Nxa5 h4 24.gxh4 Ne5 25.Bxe5 Bxe5 26.Rd7 Bc7 27.Nxb7 Qxb7 28.Nb5 Qb6 29.Nxc7 Re2
30.Rf1 Kf8 31.b4 Rxa2 32.c5 Qxb4 33.Bxc6 Qxh4 34.Bd5 Qg5+  1-0

[Event "Wch U16"]
[Site "Duisburg"]
[Date "1992.??.??"]
[Round "11"]
[White "Fridman, Daniel"]
[Black "Schwartzman, Gabriel"]
[Result "1-0"]
[WhiteElo "2390"]
[BlackElo "2340"]

1.d4 Nf6 2.Nf3 g6 3.g3 Bg7 4.Bg2 O-O 5.c4 d6 6.O-O Nc6 7.Nc3 Rb8 8.b3 a6
9.a4 a5 10.Bb2 Bf5 11.d5 Nb4 12.Nd4 Bd7 13.Na2 Nxa2 14.Rxa2 Qc8 15.Qd2 Ra8
16.Bc3 Bh3 17.f3 Bxg2 18.Kxg2 b6 19.e4 Qd7 20.Qe1 e5 21.Nc6 Nh5 22.Qe2 f5
23.Raa1 Rf7 24.c5 dxc5 25.Bxe5 Re8 26.Bxg7 Nxg7 27.Qc4 Kh8 28.Rad1 Rff8 29.e5 f4
30.g4 Ne6 31.Rfe1 g5 32.Qe4 Ng7 33.h4 Rg8 34.e6 Qd6 35.hxg5 h5 36.Qg6 Rgf8
37.Qh6+ Kg8 38.g6  1-0

[Event "Peer Gynt"]
[Site "Gausdal"]
[Date "1992.??.??"]
[Round "1"]
[White "Davies, Nigel R"]
[Black "Krog, C."]
[Result "1-0"]
[WhiteElo "2460"]
[BlackElo "2300"]

1.d4 Nf6 2.Nf3 g6 3.c4 Bg7 4.g3 O-O 5.Bg2 d6 6.O-O c6 7.b3 Qa5 8.Bb2 Qh5
9.Nbd2 Bh3 10.e4 Re8 11.Re1 Nbd7 12.Bxh3 Qxh3 13.Ng5 Qh6 14.h4 e5 15.d5 c5
16.Nf1 Qh5 17.f3 h6 18.Nh3 Nh7 19.Ne3 f5 20.Ng2 Ng5 21.Nxg5 hxg5 22.g4 Qh6
23.gxf5 gxh4 24.Re2 gxf5 25.Qe1 fxe4 26.fxe4 Bf6 27.Ne3 Kh8 28.Rh2 Rg8+ 29.Kh1 Qh5
30.Qf2 Raf8 31.Nf5 Rg4 32.Re1 Rf4 33.Qe2 Qxe2 34.Rhxe2 Rxf5 35.exf5 Bg5 36.Rf1 Kh7
37.Rg2 Kh6 38.Rfg1 Rxf5 39.Rxg5  1-0

[Event "Arnold Cup"]
[Site "Gausdal"]
[Date "1992.??.??"]
[Round "5"]
[White "Ginting, Nasib"]
[Black "Raisa, Unto"]
[Result "1-0"]
[WhiteElo "2430"]
[BlackElo "2270"]

1.d4 Nf6 2.c4 g6 3.Nf3 Bg7 4.g3 O-O 5.Bg2 d6 6.O-O Nbd7 7.Nc3 e5 8.e4 c6
9.b3 Re8 10.Re1 exd4 11.Nxd4 Nc5 12.h3 a5 13.Rb1 Nfd7 14.Be3 Ne5 15.Re2 Ne6
16.Rd2 Qc7 17.Qc2 Nxd4 18.Bxd4 f5 19.f4 Nf7 20.Bxg7 Kxg7 21.Rbd1 Be6 22.exf5 gxf5
23.Re2 Qd8 24.Rde1 Qf6 25.Qd2 Rad8 26.Na4 d5 27.cxd5 cxd5 28.Nc5 Bd7 29.Rxe8 Bxe8
30.Ne6+ Kg8 31.Nxd8 Qxd8 32.Bxd5  1-0

[Event "Arnold Cup"]
[Site "Gausdal"]
[Date "1992.??.??"]
[Round "5"]
[White "Kristiansen, Erling"]
[Black "Stefansson, Hannes"]
[Result "1/2-1/2"]
[WhiteElo "2300"]
[BlackElo "2445"]

1.d4 Nf6 2.c4 g6 3.Nf3 Bg7 4.g3 O-O 5.Bg2 d6 6.Nc3 Nbd7 7.O-O e5 8.e4 c6
9.Re1 Re8 10.h3 exd4 11.Nxd4 Qb6 12.Nc2 Nc5 13.Rb1 Ng4 14.hxg4 Bxc3 15.Re3 Bg7
16.b3 a5 17.Ba3 a4 18.b4 Nd7 19.f4 Nf6 20.Bf3 d5 21.c5 Qd8 22.e5 Ne4 23.Kg2 f6
24.exf6 Bxf6 25.Qe1 Be6 26.Rd1 Qc7 27.Nd4 Bf7 28.Bb2 a3 29.Ba1 Bg7 30.Rdd3 b6
31.cxb6 Qxb6 32.Qc1 Qxb4 33.Nxc6 Qc5 34.Qxc5 Nxc5 35.Ne7+ Kf8 36.Bxg7+ Kxg7
37.Rd1 Rab8 38.Bxd5 Rb2+ 39.Kf3 Kf8 40.Nc6 Rxe3+ 41.Kxe3 Rc2 42.Nb4 Rb2 43.Nc6 Rc2
44.Bxf7 Kxf7 45.Rd2 Rc1 46.Ne5+ Ke6 47.Nd3 Rc3 48.Kd4 Na4 49.Re2+ Kd6 50.f5 gxf5
51.gxf5 Rc8 52.Re6+ Kc7 53.Re7+ Kd6 54.Rxh7 Nc3 55.Rh6+ Ke7 56.Re6+ Kf8 57.Nb4 Nb5+
58.Ke5 Rc5+ 59.Kf6 Nc7 60.Rc6 Ne8+ 61.Kg6 Re5 62.Kg5 Rb5 63.Nd3 Rd5 64.Rc3 Nd6
65.Rxa3 Rxf5+ 66.Kg4 Rf1 67.Ne5 Kg7 68.Rd3 Ne4 69.Rd7+ Kg8 70.Rd4 Nc3 71.Rd8+ Kg7
72.Rd7+ Kh6 73.Ra7 Re1 74.Nf7+ Kg6 75.Ng5 Rd1 76.Ra6+ Kg7 77.a3 Rd4+ 78.Kh5 Rd1
79.Ra7+ Kf6 80.Rf7+ Ke5 81.g4 Rh1+ 82.Kg6 Ra1 83.Rf5+ Kd4 84.Ne6+ Kc4 85.Rc5+ Kb3
86.Nd4+ Kb2 87.Nb5 Ne4 88.Re5 Nd2 89.g5 Rg1 90.Re2 Kc1 91.Re3 Kb2 92.Re2 Kc1
93.Re3 Kb2 94.a4 Nc4 95.Rh3 Ra1 96.Nc3 Rc1 97.Kh7 Nd6 98.g6 Rg1 99.a5 Ne8
100.Nd5 Rg5 101.Re3 Rh5+ 102.Kg8 Nd6 103.Rd3 Rg5 104.Kg7 Ne8+ 105.Kf7 Nd6+
106.Kg7 Ne8+ 107.Kh6 Rg1 108.a6 Ra1 109.Re3 Nd6 110.Re6 Rxa6 111.g7 Nf5+
112.Kg5 Rxe6 113.g8=Q Nd4 114.Qb8+ Kc2 115.Nf4 Re4 116.Qb7 Re5+ 117.Kg4 Nb3
118.Qh7+ Kc3 119.Qd3+ Kb2 120.Nd5 Re8 121.Ne3 Ka3 122.Qd6+ Ka2 123.Qa6+ Kb1
124.Qg6+  1/2-1/2

[Event "Peer Gynt"]
[Site "Gausdal"]
[Date "1992.??.??"]
[Round "5"]
[White "Davies, Nigel R"]
[Black "Djurhuus, Rune"]
[Result "1-0"]
[WhiteElo "2460"]
[BlackElo "2405"]

1.d4 Nf6 2.Nf3 g6 3.c4 Bg7 4.g3 O-O 5.Bg2 d6 6.O-O c5 7.b3 Nc6 8.Bb2 Bf5
9.d5 Na5 10.Nbd2 a6 11.Re1 e5 12.dxe6 Bxe6 13.Ng5 d5 14.cxd5 Bxd5 15.e4 Bc6
16.Qc2 b6 17.Rad1 Qe7 18.e5 Ng4 19.Nde4 Nxe5 20.f4 f5 21.Nd6 Rad8 22.Bxe5 Rxd6
23.Rxd6  1-0

[Event "NRW-Liga II 9192"]
[Site "Germany"]
[Date "1992.??.??"]
[Round "?"]
[White "Schroeder, Wilfried"]
[Black "Souleidis, Georgios"]
[Result "1-0"]
[WhiteElo "2255"]
[BlackElo "2310"]

1.d4 Nf6 2.Nf3 g6 3.c4 Bg7 4.g3 O-O 5.Bg2 d6 6.O-O c6 7.Nc3 Bf5 8.Re1 Ne4
9.Nxe4 Bxe4 10.Be3 Nd7 11.Qd2 c5 12.dxc5 Nxc5 13.Bh6 a5 14.Bxg7 Kxg7 15.h4 h5
16.Bh3 Qb6 17.b3 Bc6 18.Qe3 Rfe8 19.Nd4 Bd7 20.Bxd7 Nxd7 21.Red1 Qc5 22.Qe4 b6
23.Nb5 Nf6 24.Qd4 Rec8 25.e3 a4 26.Qb2 Kg8 27.Nxd6 a3 28.Qc3 Rc7 29.Rac1 Ng4
30.Nb5 Rcc8 31.Qd4 Qc6 32.Nc3 Rd8 33.Qe4 Qf6 34.f3 Ne5 35.Nd5 Rxd5 36.Rxd5 Nxf3+
37.Kg2 Ra5  1-0

[Event "GER CupT"]
[Site "Germany"]
[Date "1992.??.??"]
[Round "?"]
[White "Gruen, Peter"]
[Black "Schaefer, Markus"]
[Result "0-1"]
[WhiteElo "2375"]
[BlackElo "2435"]

1.d4 Nf6 2.Nf3 g6 3.g3 Bg7 4.Bg2 O-O 5.c4 d6 6.Nc3 Nbd7 7.O-O e5 8.h3 c6
9.b3 Re8 10.e4 exd4 11.Nxd4 Nc5 12.Re1 Qa5 13.Bd2 Qb6 14.Be3 a5 15.Rb1 Nfd7
16.f4 h5 17.a3 Qa6 18.Ncb5 cxb5 19.Nxb5 Ne6 20.f5 Ndf8 21.fxe6 Nxe6 22.Qxd6 Rd8
23.Qe7 Bf8 24.Qh4 Rd3 25.Bf2 Qc6 26.e5 Qd7 27.Nd6 Bxd6 28.exd6 Qxd6 29.Be4 Rd2
30.Be3 Ra2 31.Rbd1 Qe5 32.Bg2 g5 33.Qxh5 Qxg3 34.Qf3 Qxf3 35.Bxf3 Rxa3 36.Rb1 a4
37.bxa4 R8xa4 38.Bd5 Rd3 39.Bf2 Rxh3 40.c5 Rg4+ 41.Kf1 Rc3 42.Rec1 Rxc1+
43.Rxc1 Rb4 44.Be1 Rd4 45.Bg2 Nf4 46.Bf2 Rd2 47.Re1 Rxf2+ 48.Kxf2 Nd3+ 49.Kf1 Nxe1
50.Kxe1 f5  0-1

[Event "Graz-ch"]
[Site "Graz"]
[Date "1992.??.??"]
[Round "1"]
[White "Velickovic, Zoran"]
[Black "Rothaler, A."]
[Result "1-0"]
[WhiteElo "2290"]
[BlackElo "1975"]

1.Nf3 Nf6 2.g3 g6 3.c4 Bg7 4.d4 d6 5.Bg2 O-O 6.O-O Nbd7 7.Nc3 Re8 8.e4 e5
9.h3 a6 10.Re1 Rb8 11.a4 h6 12.b3 exd4 13.Nxd4 Nc5 14.Bb2 Nh7 15.Ra2 Ng5
16.Kh2 Bxh3 17.Bxh3 Bxd4 18.f4 Bxc3 19.Bxc3 Ngxe4 20.Ba1 a5 21.Qd4 f6 22.Rae2 Nxb3
23.Qd5+ Kg7 24.Rxe4 Rxe4 25.Qxe4 Nxa1 26.Rxa1 Qe8 27.Be6 g5 28.fxg5 Qh5+
29.Kg2 Qxg5 30.Bd5 Qe5 31.Qg4+ Kh8 32.Ra2 c6 33.Re2 h5 34.Rxe5 hxg4 35.Rh5+ Kg7
36.Be6 Re8 37.Bxg4 Re4 38.Bc8 Rxc4 39.Rxa5 b5 40.Ra7+ Kg6 41.a5 b4 42.a6 Rc2+
43.Kf3 Ra2 44.Kg4 Ra5 45.Rc7 b3 46.Rxc6 Rc5 47.Rxc5 dxc5 48.a7 b2 49.Bf5+  1-0

[Event "Graz-ch"]
[Site "Graz"]
[Date "1992.??.??"]
[Round "9"]
[White "Velickovic, Zoran"]
[Black "Ebner, Walter"]
[Result "0-1"]
[WhiteElo "2295"]
[BlackElo "2190"]

1.Nf3 Nf6 2.g3 g6 3.c4 Bg7 4.d4 d6 5.Bg2 O-O 6.O-O c6 7.Nc3 Re8 8.h3 Nbd7
9.e4 e5 10.Re1 a6 11.b3 Qc7 12.a4 Nf8 13.Be3 exd4 14.Nxd4 Ne6 15.Rc1 Nc5
16.f3 Nh5 17.g4 Nf6 18.b4 Ne6 19.Nxe6 Bxe6 20.Nd5 cxd5 21.cxd5 Qe7 22.dxe6 fxe6
23.f4 Rac8 24.Qb3 Kh8 25.Rcd1 d5 26.Bc5 Qc7 27.e5 Nd7 28.Bd6 Qc4 29.Qxc4 Rxc4
30.f5 gxf5 31.gxf5 Nb6 32.Rd3 exf5 33.Bxd5 Nxd5 34.Rxd5 Re6 35.Bc5 h6 36.Rd8+ Kh7
37.Rd7 b6 38.Bf8 Rg6+ 39.Kf2 Kg8 40.e6 Bxf8 41.e7 Rf4+ 42.Ke2 Re4+ 43.Kd2 Bxe7
44.Rxe7 Rd6+ 45.Kc3 Rxe1 46.Rxe1 Kf7 47.Kc4 Kf6 48.Re8 f4 49.Ra8 Ke5 50.a5 bxa5
51.Kc5 axb4  0-1

[Event "Guarapuava op"]
[Site "Guarapuava"]
[Date "1992.??.??"]
[Round "?"]
[White "Toth, Christian Endre"]
[Black "Braga, Cicero"]
[Result "1/2-1/2"]
[WhiteElo "2380"]
[BlackElo "2365"]

1.d4 Nf6 2.Nf3 g6 3.c4 Bg7 4.g3 O-O 5.Bg2 d6 6.O-O Nbd7 7.Nc3 e5 8.e4 exd4
9.Nxd4 Re8 10.Re1 a6 11.h3 Rb8 12.f4 c5 13.Nc2 b5 14.cxb5 axb5 15.Qxd6 Rb6
16.Qd1 b4 17.Nd5 Nxd5 18.exd5 Rxe1+ 19.Qxe1 Bb7 20.Rb1 Qa8 21.Qd1 Nf6 22.Be3 Bf8
23.a3 bxa3 24.Nxa3 Nxd5 25.Kf2 Nb4  1/2-1/2

[Event "Hamburg op"]
[Site "Hamburg"]
[Date "1992.??.??"]
[Round "9"]
[White "Kunsztowicz, Uwe"]
[Black "Urban, Julian"]
[Result "1-0"]
[WhiteElo "2330"]
[BlackElo "2400"]

1.g3 g6 2.Bg2 Bg7 3.d4 d6 4.Nf3 Nf6 5.c4 O-O 6.Nc3 c6 7.O-O Nbd7 8.e4 e5
9.Rb1 a5 10.h3 exd4 11.Nxd4 Nc5 12.Bf4 Re8 13.Re1 Nh5 14.Be3 Nf6 15.Bf4 Nh5
16.Be3 a4 17.b4 axb3 18.axb3 Ra3 19.Qc2 Qf6 20.Nde2 Qe7 21.b4 Ne6 22.Qc1 Ra8
23.Qd2 Nf6 24.Red1 Bf8 25.Ra1 Rxa1 26.Rxa1 Nd7 27.f4 Nc7 28.Bf2 Na6 29.Rb1 Bg7
30.g4 g5 31.Bd4 gxf4 32.Bxg7 Kxg7 33.Nxf4 Qe5 34.Nh5+ Kh8 35.Ne2 Nf6 36.Nxf6 Qxf6
37.Rf1 Qe5 38.Rxf7 Be6 39.Rxb7 Bxc4 40.Nd4 c5 41.Nf3 Qa1+ 42.Kh2 Qf6 43.g5 Qa1
44.Qxd6 Bg8 45.e5 Re6 46.Qf8 Rg6 47.h4 h5 48.bxc5 Qc3 49.Rb6  1-0

[Event "Helsinki op"]
[Site "Helsinki"]
[Date "1992.??.??"]
[Round "3"]
[White "Baburin, Alexander"]
[Black "Manninen, Marko"]
[Result "1-0"]
[WhiteElo "2520"]
[BlackElo "2420"]

1.d4 Nf6 2.c4 g6 3.Nf3 Bg7 4.g3 O-O 5.Bg2 d6 6.O-O Nc6 7.d5 Na5 8.Nfd2 c5
9.Nc3 a6 10.Rb1 Rb8 11.b3 b5 12.Bb2 bxc4 13.bxc4 Bh6 14.Ba1 Rxb1 15.Ncxb1 e5
16.dxe6 fxe6 17.Bxf6 Qxf6 18.Ne4 Qe7 19.Qxd6 Qxd6 20.Nxd6 Rd8 21.Nxc8 Rxc8
22.Rd1 Rb8 23.Bh3 Kf7 24.Nc3 Ke7 25.Ne4 Nxc4 26.Nxc5 Nd6 27.Nxe6 Rb2 28.Nd4 Bd2
29.a4 Ne4 30.Nf3 Bb4 31.Ne5 Bc3 32.Nc6+ Kf6 33.f3 Nc5 34.Kf2 Bd2 35.a5 g5
36.Bc8 h5 37.h3 h4 38.gxh4 gxh4 39.Nd4 Bxa5 40.Nf5 Bb6 41.Kf1 Rb4 42.Ne3 Ke5
43.Nd5 Rb3 44.f4+ Ke4 45.Bg4 Bd8 46.Bf3+ Kf5 47.Rd4 Kg6 48.Rc4 Rb5 49.Kg2 Kg7
50.f5 Kh6 51.f6 Ne6 52.Rxh4+ Kg6 53.Be4+ Kf7 54.Rh7+ Kf8 55.Bg6  1-0

[Event "Helsinki op"]
[Site "Helsinki"]
[Date "1992.??.??"]
[Round "6"]
[White "Lelchuk, Zoja"]
[Black "Frolov, Artur"]
[Result "0-1"]
[WhiteElo "2335"]
[BlackElo "2510"]

1.d4 Nf6 2.Nf3 g6 3.c4 Bg7 4.g3 O-O 5.Bg2 d6 6.O-O Nbd7 7.Qc2 e5 8.Rd1 Re8
9.dxe5 dxe5 10.e4 c6 11.h3 Qc7 12.Be3 Bf8 13.Nbd2 b6 14.Ne1 Bc5 15.Bxc5 Nxc5
16.Nb3 Nfd7 17.Nd3 Nxd3 18.Qxd3 c5 19.a4 Nf8 20.a5 Rb8 21.axb6 axb6 22.Qd6 Qxd6
23.Rxd6 Ne6 24.h4 Kf8 25.Ra7 Re7 26.Ra1 Rc7 27.f3 Ke7 28.Rdd1 Nd4 29.Nxd4 cxd4
30.Bf1 Be6 31.f4 f6 32.Rd2 Rbb7 33.Ra4 Ra7 34.Rb4 Rc6 35.Kf2 Kd6 36.Bd3 Ra5
37.Rc2 Bg4 38.Rd2 Kc7 39.Rc2 Ra1 40.fxe5 fxe5 41.Be2 Rf6+ 42.Kg2 d3 43.Bxd3 Bf3+
44.Kh3 Rh1+ 45.Rh2 Bg4+ 46.Kxg4 Rxh2 47.Rb5 h5+ 48.Kg5 Rf3 49.Bb1 Rxg3+ 50.Kf6 Rg1
51.Bd3 Rd2 52.Rd5 Rg3 53.Bb1 Rxd5 54.exd5 Kd6 55.Bxg6 Rxg6+  0-1

[Event "Helsinki op"]
[Site "Helsinki"]
[Date "1992.??.??"]
[Round "9"]
[White "Manninen, Marko"]
[Black "Durao, Joaquim"]
[Result "1-0"]
[WhiteElo "2420"]
[BlackElo "2220"]

1.d4 Nf6 2.c4 g6 3.g3 Bg7 4.Bg2 O-O 5.Nf3 d6 6.Nc3 Nc6 7.d5 Na5 8.b3 c6 9.Bb2 cxd5
10.cxd5 Bd7 11.Nd4 Qc8 12.Rc1 Bh3 13.O-O Bxg2 14.Kxg2 Qd7 15.e4 Rac8 16.Qd2 b6
17.f3 e6 18.dxe6 fxe6 19.Rfe1 d5 20.e5 Ne8 21.f4 Nc7 22.Qe2 Nb7 23.Rc2 Rfe8
24.Rec1 Bf8 25.Nd1 Nc5 26.Nf2 N7a6 27.Ng4 Bg7 28.Ba3 Qb7 29.Nf2 Bf8 30.Qg4 Qd7
31.Qf3 Ne4 32.Bxf8 Nxf2 33.Qxf2 Rxf8 34.Qe2 Rxc2 35.Qxc2 Nc5 36.b4  1-0

[Event "Helsinki op"]
[Site "Helsinki"]
[Date "1992.??.??"]
[Round "9"]
[White "Makarov, Marat"]
[Black "Kovalev, Andrei"]
[Result "0-1"]
[WhiteElo "2510"]
[BlackElo "2580"]

1.Nf3 Nf6 2.c4 g6 3.d4 Bg7 4.g3 O-O 5.Bg2 d6 6.Nc3 Nbd7 7.O-O e5 8.e4 exd4
9.Nxd4 Re8 10.h3 Nc5 11.Re1 Bd7 12.Rb1 h6 13.b4 Ne6 14.Nf3 a5 15.a3 axb4
16.axb4 Qc8 17.Qd3 Ng5 18.Bxg5 hxg5 19.Nxg5 Ra3 20.Rec1 Bh6 21.h4 Ng4 22.Qd2 Qd8
23.Rc2 Re5 24.f4 Re8 25.Nh3 Ne5 26.Qe2 Nc6 27.Qf2 Bg7 28.Nb5 Bxh3 29.Bxh3 Ra4
30.Qd2 Rxe4 31.Bg2 Re7 32.Ra2 Rxa2 33.Qxa2 Re3 34.Kh2 Qe7 35.c5 dxc5 36.bxc5 Qxc5
37.Nxc7 Nd4 38.Rxb7 Re2 39.Rb8+ Kh7 40.Qxf7 Nf3+ 41.Kh3 Ng1+ 42.Kh2 Qf2 43.Qd5 Nf3+  0-1

[Event "Oberliga Hessen"]
[Site "Hessen"]
[Date "1992.??.??"]
[Round "?"]
[White "Falk, Ulrich"]
[Black "Beck, Daniel"]
[Result "1/2-1/2"]
[WhiteElo "2240"]
[BlackElo "2220"]

1.d4 Nf6 2.Nf3 g6 3.g3 Bg7 4.Bg2 O-O 5.c4 d6 6.O-O Nbd7 7.Qc2 e5 8.Rd1 Re8
9.Nc3 c6 10.b3 e4 11.Ng5 e3 12.fxe3 Nf8 13.e4 h6 14.Nf3 Qe7 15.e3 Bg4 16.Re1 Bxf3
17.Bxf3 N8h7 18.Ba3 Ng5 19.Bg2 Qe6 20.h4 Ngh7 21.c5 dxc5 22.Bxc5 b6 23.Ba3 Rac8
24.e5 Ng4 25.Ne4 Red8 26.Nd6 Rc7 27.Rac1 Nxe5 28.dxe5 Bxe5 29.Ne4 f5 30.Bh3 Qf7
31.Nf2 Bxg3 32.Rcd1 Bxh4 33.Rxd8+ Bxd8 34.Rd1 Bf6 35.Bg2 Kg7 36.Rd6 c5 37.Bb2 Re7
38.Bxf6+ Nxf6 39.Qc3 Re6 40.Bd5 Rxd6 41.Bxf7 Kxf7 42.Nd3 Ne4 43.Qc4+ Kf6
44.a3 a5 45.Nf4 g5 46.Nd5+ Ke5 47.Nc7 g4 48.Qf7 Rd1+ 49.Kg2 Rd2+ 50.Kf1 Ng3+
51.Ke1 Re2+ 52.Kd1 Ke4 53.Nd5 Kf3 54.Qc7 h5 55.Qf4+ Kg2 56.e4 Rxe4 57.Ne3+ Kh3
58.Qf2 Rd4+ 59.Kc2 f4 60.Nf1 Nxf1 61.Qxf1+ Kh2  1/2-1/2

[Event "Oberliga Hessen"]
[Site "Hessen"]
[Date "1992.??.??"]
[Round "?"]
[White "Gallo, Jens"]
[Black "Majer, Damir"]
[Result "0-1"]
[WhiteElo "2245"]
[BlackElo "2270"]

1.d4 Nf6 2.Nf3 g6 3.c4 Bg7 4.g3 O-O 5.Bg2 d6 6.O-O c6 7.Nc3 Qa5 8.h3 Qa6
9.b3 b5 10.cxb5 cxb5 11.b4 Bb7 12.Qd3 Nd5 13.Bd2 Nxc3 14.Bxc3 Nd7 15.Rfc1 Nb6
16.e4 Rfc8 17.d5 Qa3 18.Nd4 a6 19.Nb3 Bxc3 20.Rxc3 Qxb4 21.Rac1 Na4 22.Rc7 Nc5
23.R1xc5 dxc5 24.Rxb7 c4 25.Qd2 a5 26.Qxb4 axb4 27.Rxb5 cxb3 28.axb3 Rab8
29.Bf1 Rxb5 30.Bxb5 Rc3 31.Ba4 f5 32.exf5 gxf5 33.Kf1 Kg7 34.Ke2 Kg6  0-1

[Event "HUN-chT"]
[Site "HUN"]
[Date "1992.??.??"]
[Round "?"]
[White "Konopka, Michal"]
[Black "Marosi, Gyorgy"]
[Result "1/2-1/2"]
[WhiteElo "2360"]
[BlackElo "2330"]

1.Nf3 Nf6 2.c4 g6 3.d4 Bg7 4.g3 O-O 5.Bg2 d6 6.O-O c5 7.dxc5 dxc5 8.Nc3 Nc6
9.Be3 Be6 10.Qa4 Nd4 11.Rad1 Bd7 12.Qa3 Nc2 13.Qxc5 b6 14.Qg5 h6 15.Qh4 Nxe3
16.fxe3 Ng4 17.Nd5 g5 18.Nxg5 e6 19.Nxf7 Qxh4 20.gxh4 exd5 21.Bxd5 Nxe3 22.Bxa8 Rxa8
23.Rxd7 Nxf1 24.Nxh6+ Bxh6 25.Kxf1 Rf8+ 26.Ke1 Rf7  1/2-1/2

[Event "HUN-chT"]
[Site "HUN"]
[Date "1992.??.??"]
[Round "?"]
[White "Ragats, Jozsef"]
[Black "Kecskes, Gabor"]
[Result "1/2-1/2"]
[WhiteElo "2215"]
[BlackElo "2215"]

1.d4 Nf6 2.Nf3 g6 3.c4 Bg7 4.g3 O-O 5.Bg2 d6 6.Nc3 Nc6 7.O-O a6 8.e4 Rb8
9.d5 Na5 10.Qd3 c5 11.dxc6 Nxc6 12.h3 Bd7 13.Be3 b5 14.cxb5 axb5 15.Rfd1 b4
16.Ne2 Qa5 17.Ned4 Rfd8 18.Rdc1 Rbc8 19.a3 Nxd4 20.Nxd4 bxa3 21.bxa3 Ba4
22.Rab1 Nd7 23.Rb4 Rxc1+ 24.Bxc1 Rc8 25.Bd2 Ne5 26.Qb1 Bd7 27.Qb3 Nc4 28.Qxc4 Rxc4
29.Rb8+ Bc8 30.Bxa5 Bxd4 31.e5 Rc1+ 32.Kh2 Kg7 33.exd6 exd6 34.Bb6  1/2-1/2

[Event "HUN-chT"]
[Site "HUN"]
[Date "1992.??.??"]
[Round "?"]
[White "Seres, Lajos"]
[Black "Hazai, Laszlo"]
[Result "1/2-1/2"]
[WhiteElo "2265"]
[BlackElo "2460"]

1.d4 Nf6 2.Nf3 g6 3.c4 Bg7 4.g3 O-O 5.Bg2 d6 6.O-O Nc6 7.Nc3 e5 8.dxe5 Nxe5
9.Nxe5 dxe5 10.Qxd8 Rxd8  1/2-1/2

[Event "HUN-chT"]
[Site "HUN"]
[Date "1992.??.??"]
[Round "?"]
[White "Szabolcsi, Janos"]
[Black "Havasi, Janos"]
[Result "1-0"]
[WhiteElo "2380"]
[BlackElo "2235"]

1.d4 Nf6 2.c4 g6 3.Nf3 Bg7 4.g3 d6 5.Bg2 O-O 6.O-O c6 7.Nc3 Bg4 8.d5 cxd5
9.cxd5 Bxf3 10.Bxf3 Nbd7 11.Bg2 a6 12.e4 Rc8 13.f4 Nb6 14.Qe2 Nfd7 15.Kh1 Nc4
16.Nd1 b5 17.Rb1 Qc7 18.b3 Ncb6 19.Ne3 Qa7 20.Nc2 Rc7 21.Be3 Qb7 22.Nb4 Nb8
23.e5 f5 24.a4 N6d7 25.Nc6 Nc5 26.Bxc5 dxc5 27.Nxe7+ Rxe7 28.d6 Qb6 29.dxe7 Re8
30.axb5 axb5 31.Ra1 Rxe7 32.Rfd1 Bf8 33.Qa2  1-0

[Event "HUN-chT"]
[Site "HUN"]
[Date "1992.??.??"]
[Round "?"]
[White "Horvath, Peter"]
[Black "Seres, Lajos"]
[Result "1-0"]
[WhiteElo "2345"]
[BlackElo "2265"]

1.d4 Nf6 2.Nf3 g6 3.c4 Bg7 4.g3 O-O 5.Bg2 d6 6.Nc3 Nbd7 7.O-O e5 8.e4 h6
9.h3 Nh7 10.Be3 Ng5 11.Nxg5 hxg5 12.dxe5 Nxe5 13.Qc1 g4 14.hxg4 Nxc4 15.Bg5 f6
16.Nd5 Ne5 17.Nxc7 fxg5 18.Nxa8 Rf7 19.Qe3 b6 20.Rac1 Nxg4 21.Qb3 Kf8 22.e5 Bxe5
23.Qc4 Bf5 24.Nc7 Qf6 25.Bh3 Bd4 26.Bxg4 Bxg4 27.Rc2 Bh3 28.Qd5 Rxc7 29.Rxc7 Bxf1
30.Qa8+  1-0

[Event "HUN-chT"]
[Site "HUN"]
[Date "1992.??.??"]
[Round "3"]
[White "Navarovszky, Laszlo"]
[Black "Seres, Lajos"]
[Result "1/2-1/2"]
[WhiteElo "2340"]
[BlackElo "2265"]

1.d4 Nf6 2.c4 g6 3.Nf3 Bg7 4.g3 O-O 5.Bg2 d6 6.Nc3 Nbd7 7.O-O e5 8.e4 h6
9.Re1 Nh7 10.Be3 Ng5 11.Qd2 Nb6 12.Bxg5 hxg5 13.Qxg5 Qxg5 14.Nxg5 Nxc4 15.Bf1 Nb6
16.Nb5  1/2-1/2

[Event "Iraklion op"]
[Site "Iraklion"]
[Date "1992.??.??"]
[Round "9"]
[White "Csom, Istvan"]
[Black "Kofidis, Andreas"]
[Result "0-1"]
[WhiteElo "2490"]
[BlackElo "2350"]

1.c4 g6 2.d4 Bg7 3.Nf3 Nf6 4.g3 d6 5.Bg2 O-O 6.Nc3 Nc6 7.O-O a6 8.Qd3 Bf5
9.e4 Bg4 10.d5 Bxf3 11.Qxf3 Nd4 12.Qd1 c5 13.dxc6 Nxc6 14.Bd2 Rb8 15.Rc1 Nd7
16.b3 Nc5 17.Nd5 e6 18.Ne3 Nd3 19.Rb1 b5 20.Qe2 Nc5 21.Nc2 Qc7 22.cxb5 axb5
23.Nb4 Nxb4 24.Bxb4 Bd4 25.Rbc1 Qb6 26.Kh1 e5 27.f4 Kg7 28.Rc2 f6 29.Bd2 Rf7
30.b4 Na4 31.Rfc1 Nb2 32.Rc6 Qa7 33.R1c2  0-1

[Event "ISR-ch"]
[Site "ISR"]
[Date "1992.??.??"]
[Round "5"]
[White "Birnboim, Nathan"]
[Black "Greenfeld, Alon"]
[Result "1/2-1/2"]
[WhiteElo "2395"]
[BlackElo "2535"]

1.d4 Nf6 2.Nf3 g6 3.c4 Bg7 4.g3 O-O 5.Bg2 d6 6.O-O Nbd7 7.Nc3 e5 8.Qc2 Re8
9.Rd1 c6 10.e4 Qe7 11.d5 a5 12.h3 Nc5 13.Be3 Qc7 14.Nd2 cxd5 15.cxd5 Bd7
16.Bf1 Rac8 17.Rdc1 Qb8 18.a4 Nh5 19.Qd1 b6 20.Kh2 Rf8 21.Bb5 Nf6 22.Bxd7 Nfxd7
23.Nb5 f5 24.exf5 gxf5 25.Nc4 Rf6 26.f4 Rg6 27.Bxc5 Rxc5 28.Ra3 Kh8 29.Rd3 exf4
30.gxf4 Qg8 31.Nbxd6 Qb8 32.Nf7+ Kg8 33.Nfe5 Bxe5 34.fxe5 Nxe5 35.d6 Nxc4
36.Rxc4 Rxc4 37.Qb3 Qc8 38.Rd4 Qe6 39.Qxc4 Qxc4 40.Rxc4 Rxd6 41.Kg3 Kf7 42.Kf4 Ke6
43.b3 h6 44.h4 Kf6 45.b4 Ke6 46.b5 Kf6 47.h5 Ke6 48.Rc8 Rd4+ 49.Ke3 Re4+
50.Kf3 Kd5 51.Rc6 Re6 52.Rc8 Ke5 53.Rf8 Rd6 54.Re8+ Kf6 55.Rg8 Kf7 56.Rb8 Kf6
57.Rg8 Ke5 58.Re8+ Re6 59.Rf8  1/2-1/2

[Event "Karvina op"]
[Site "Karvina"]
[Date "1992.??.??"]
[Round "6"]
[White "Matlak, Marek"]
[Black "Golubev, Mihail"]
[Result "0-1"]
[WhiteElo "2420"]
[BlackElo "2490"]

1.d4 Nf6 2.Nf3 g6 3.c4 Bg7 4.g3 O-O 5.Bg2 d6 6.O-O Nbd7 7.Qc2 e5 8.Rd1 Qe7
9.Nc3 c6 10.e4 exd4 11.Nxd4 Re8 12.b3 Nc5 13.f3 Nfd7 14.Rb1 Ne5 15.h3 a5
16.a3 a4 17.b4 Nb3 18.Nxb3 axb3 19.Rxb3 Nxc4 20.a4 Be6 21.a5 b6 22.axb6 Qb7
23.Ne2 Qxb6+ 24.Kh2 Ne5 25.Rb2 Nc4 26.Rb3 Ra4 27.b5 Na5 28.Rb2 cxb5 29.Qxa4 Bxb2
30.Qb4 Bxc1 31.Rxd6 Qf2 32.Nxc1 Nc4 33.Rd1 Ne3 34.Rg1 Bxh3 35.Qe1 Qxe1 36.Rxe1 Nxg2
37.Re2 Be6 38.Kxg2 Rc8 39.Na2 Bc4 40.Rb2 Bxa2 41.Rxa2 b4 42.Rb2 Rb8 43.Rb3 Kf8
44.Kf2 Ke7 45.Ke3 h5 46.f4 Kd6 47.Kd4 f6 48.Kc4 Kc6 49.e5 fxe5 50.fxe5 Kd7
51.Kd5 Ke7 52.e6 Rb5+ 53.Kc6 Rg5 54.Rxb4 Rxg3 55.Re4 Rd3  0-1

[Event "Katowice op"]
[Site "Katowice"]
[Date "1992.??.??"]
[Round "3"]
[White "Panchenko, Alexandar G"]
[Black "Markowski, Tomasz"]
[Result "1-0"]
[WhiteElo "2470"]
[BlackElo "2320"]

1.Nf3 g6 2.d4 Nf6 3.c4 Bg7 4.g3 O-O 5.Bg2 d6 6.O-O Nbd7 7.Nc3 e5 8.e4 c6
9.Rb1 a5 10.h3 Re8 11.Be3 exd4 12.Nxd4 Nc5 13.Qc2 Qe7 14.Rfe1 Nfxe4 15.Nxe4 Nxe4
16.Bxe4 Qxe4 17.Bd2 Bf5 18.Rxe4 Bxe4 19.Qd1 Bxd4 20.Rc1 Bxb2 21.Bc3 Bxc3
22.Rxc3 Rad8 23.Re3 d5 24.f3 Bf5 25.Rxe8+ Rxe8 26.cxd5 Rd8 27.d6 Be6 28.Qd4 Bxa2
29.Qb2 Be6 30.Qxb7 a4 31.Qc7 Rd7 32.Qxc6 h5 33.Qa6 Kh7 34.g4 hxg4 35.hxg4 Bd5
36.Kf2 Be6 37.Ke3 Bd5 38.Kf4 Kg7 39.Ke5 Bb3 40.g5 Rd8 41.Qb6 Re8+ 42.Kf4 Be6
43.Qd4+ Kh7 44.Qxa4 Rc8 45.Qd4 Rb8 46.Ke5 Kg7 47.d7 Rd8 48.Qh4  1-0

[Event "Kecskemet"]
[Site "Kecskemet"]
[Date "1992.??.??"]
[Round "1"]
[White "Schlosser, Philipp"]
[Black "Groszpeter, Attila"]
[Result "1/2-1/2"]
[WhiteElo "2485"]
[BlackElo "2495"]

1.Nf3 Nf6 2.c4 g6 3.g3 Bg7 4.Bg2 d6 5.d4 O-O 6.O-O Nbd7 7.Nc3 e5 8.h3 exd4
9.Nxd4 Re8 10.e4 a6 11.Re1 Rb8 12.f4 Nb6 13.Qd3 d5 14.cxd5 Nfxd5 15.Nxd5 Nxd5
16.Rd1 Nb6 17.Rb1  1/2-1/2